City map of Atlanta, Texas /

Bibliographic Details
Corporate Author: Colonial Publishing Company
Format: Map
Language:English
Published: Lonoke, Ark. : Colonial Pub. Co., [1982?]
Subjects:

MARC

Tag First Indicator Second Indicator Subfields
LEADER 00000cem a2200000 a 4500
001 in00002777921
005 20150922103506.0
007 ad canzn
008 830329s1982 aru a 1 eng
010 |a  83693217  
034 0 |a a 
035 |a (OCoLC)ocm09621763 
035 |a (OCoLC)9621763 
037 |b Colonial Publishing Company, 304 Adams St., Lonoke, Ark. 
040 |a DLC  |c DLC  |d OCL  |d OCLCQ  |d TXA  |d UtOrBLW 
043 |a n-us-tx 
049 |a TXAM 
050 0 0 |a G4034.A85 1982  |b .C6 
052 |a 4034  |b A85 
052 |a 4033  |b C33 
110 2 |a Colonial Publishing Company. 
245 1 0 |a City map of Atlanta, Texas /  |c compliments of Chamber of Commerce, Atlanta, Texas. 
255 |a Scale not given. 
264 1 |a Lonoke, Ark. :  |b Colonial Pub. Co.,  |c [1982?] 
300 |a 1 map :  |b color ;  |c 44 x 28 cm., folded to 22 x 10 cm. 
336 |a cartographic image  |b cri  |2 rdacontent 
337 |a unmediated  |b n  |2 rdamedia 
338 |a volume  |b nc  |2 rdacarrier 
500 |a Panel title: Welcome to Atlanta, Texas, zip code 75551. 
500 |a Includes index to points and advertisements. 
500 |a "Atlanta community data profile," index, map of "Cass County," and advertisements on verso. 
500 |a Cartographic material. 
651 0 |a Atlanta (Tex.)  |v Maps. 
651 0 |a Cass County (Tex.)  |v Maps. 
948 |a cataloged  |b h  |c 2012/7/2  |d c  |e jgreene  |f 1:46:13 pm 
994 |a C0  |b TXA 
999 |a MARS 
999 f f |s b4c28b99-8ec6-3988-91e8-8637fdb70de5  |i b6ba43f6-aa81-3e30-bf2e-0ba061817083  |t 0 
952 f f |p normal  |a Texas A&M University  |b College Station  |c Sterling C. Evans Library  |d Evans: Maps (2nd floor)  |t 0  |e G4034.A85 1982 .C6  |h Library of Congress classification  |i unmediated -- volume  |m A14841094683 
998 f f |a G4034.A85 1982 .C6  |t 0  |l Evans: Maps (2nd floor)